Tales from Firozsha Baag / (Record no. 26135)

MARC details
000 -LEADER
fixed length control field 00708nam a22002057a 4500
005 - DATE AND TIME OF LATEST TRANSACTION
control field 20190515154224.0
010 ## - LCCN (DPL NO)
LC control number B-285016, B-215889
020 ## - INTERNATIONAL STANDARD BOOK NUMBER
International Standard Book Number 0571218857
Terms of availability 295.00
020 ## - INTERNATIONAL STANDARD BOOK NUMBER
International Standard Book Number 9780571218885
Terms of availability 295.00
035 ## - SYSTEM CONTROL NUMBER
System control number B-285016, B-215872, B-215883,B-215889,B-215885
037 ## - SOURCE OF ACQUISITION
Source of stock number/acquisition UBH (Vender)
082 ## - DEWEY DECIMAL CLASSIFICATION NUMBER
Classification number S
100 ## - MAIN ENTRY--PERSONAL NAME
Personal name Mistry, Rohinton
245 ## - TITLE STATEMENT
Title Tales from Firozsha Baag /
Statement of responsibility, etc by Rohinton Mistry
260 ## - PUBLICATION, DISTRIBUTION, ETC. (IMPRINT)
Place of publication, distribution, etc London
Name of publisher, distributor, etc Faber and Faber
Date of publication, distribution, etc 2002
270 ## - ADDRESS
Address 3 Queen Square
City London
Postal code WC1N 3AU
300 ## - PHYSICAL DESCRIPTION
Extent 250p.
Dimensions 20cm. (pbk)
942 ## - ADDED ENTRY ELEMENTS (KOHA)
Source of classification or shelving scheme Dewey Decimal Classification
Item type English Books
Classification part S
Call number suffix MIS
Holdings
Withdrawn status Lost status Not for loan Collection code Home library Current library Date acquired Source of acquisition Cost, normal purchase price Full call number Barcode Copy number Cost, replacement price Koha item type
      Fiction Patel Nagar Patel Nagar 10/07/2018 BPPD/Pub 0.00 S MIS B-215872   0.00 English Books
      Fiction R.C.Libraries (zls) R.C.Libraries (zls) 09/11/2018     S MIS B-215889 1   English Books
      Fiction Shahdara Branch Shahdara Branch 26/07/2018 BPPD/PUB 295.00 S MIS B-215883   295.00 English Books
      Fiction Vigyan Vihar Vigyan Vihar 15/05/2019 BPPD 0.00 S MIS B-215885   0.00 English Books
      Fiction Vinoba Puri Vinoba Puri 06/05/2009 UBH/143/25.8.08/187/21.7.08/29.8.08 295.00 S MIS B-285016 1 295.00 English Books
      Fiction Yojana Vihar Yojana Vihar 29/10/2018 BPPD/PUB 295.00 S MIS B-215884   295.00 English Books

© Delhi Public Library
Hit Counter
free hit counter